000 00497nam a2200169Ia 4500
999 _c371
_d371
003 OSt
005 20210901143322.0
008 190216s9999||||xx |||||||||||||| ||und||
040 _coclc
082 _a297
_bALM/B
100 _aAl Mahmud, Al Shaikh Abdullah Bin Zaid
_98736
245 0 _aButhal An Nikah Al Muthath /
_cAl Shaikh Abdullah Bin Zaid Al Mahmud
260 _bAmeera And Company,
300 _a37p
650 _aArabic
942 _cBK
_2ddc
_h297
_iALM/B
_k297
_mALM/B